Speech And Language Processing (Record no. 342102)

MARC details
000 -LEADER
fixed length control field 00588nam a2200181Ia 4500
008 - FIXED-LENGTH DATA ELEMENTS--GENERAL INFORMATION
fixed length control field 230718s9999 xx 000 0 und d
020 ## - INTERNATIONAL STANDARD BOOK NUMBER
International Standard Book Number 9789332518414
041 ## - LANGUAGE CODE
Language code of text/sound track or separate title eng
082 ## - DEWEY DECIMAL CLASSIFICATION NUMBER
Classification number 006.35
Item number JUR
100 ## - MAIN ENTRY--PERSONAL NAME
Personal name Jurafsky D.
9 (RLIN) 162542
245 ## - TITLE STATEMENT
Title Speech And Language Processing
Remainder of title An Introduction To Natural Language Processing, Computational Lingusitics, And Speech Recognition
250 ## - EDITION STATEMENT
Edition statement 2nd ed.
260 ## - PUBLICATION, DISTRIBUTION, ETC. (IMPRINT)
Date of publication, distribution, etc. 2014
Name of publisher, distributor, etc. Pearson
300 ## - PHYSICAL DESCRIPTION
Extent 940
365 ## - TRADE PRICE
Currency code Rs.
Price amount 999.00
700 ## - ADDED ENTRY--PERSONAL NAME
Personal name Jurafsky D. & Martin J.H.
9 (RLIN) 196151
906 ## - LOCAL DATA ELEMENT F, LDF (RLIN)
d O:0510128-May-2016B:2202-May-2016
c COMP
b 2077.92
Holdings
Withdrawn status Lost status Damaged status Not for loan Home library Current library Date acquired Vendor Budget Code Cost, normal purchase price Bill number Total Checkouts Full call number Barcode Date last seen Date last checked out Discount Cost, replacement price Bill Date Koha item type Original Barcode
        Cummins College of Engineering for Women Pune Cummins College of Engineering for Women Pune 28/05/2016 ARM Book Bazar COMP 739.26 22 7 006.35 CCEP-BK-53309 28/05/2024 23/04/2024 2077.92 999.00 02/05/2016 Books 053309